000 00756nam a2200253 i 4500
001 C2-0131333
003 PPAK
005 20180727122307.0
008 971012s1994 my a|||| ||||| | may d
020 _a9676004766
040 _aPPAK
_beng
_cPPAK
_erda
082 0 4 _a039.992302
_223
090 0 0 _a039.992302
_bSTO
_dR
090 0 0 _a039.992302
_bSTO
_dRK
100 1 _aStott, Carole,
_eauthor
245 1 0 _aMengapa bintang berkelip dan soalan-soalan lain tentang angkasa lepas
264 1 _aPetaling Jaya, Selangor :
_bEastview ,
_c1994
300 _a32 pages :
_bcolour illustrations ;
_c29 cm
336 _2rdacontent
_atext
337 _2rdamedia
_aunmediated
338 _2rdacarrier
_avolume
650 1 0 _aQuestions and answers
942 _ddc
_cB
999 _c40659
_d40659